Rethinking nationalism in the Arab Middle East
Αποθηκεύτηκε σε:
| Άλλοι συγγραφείς: | , |
|---|---|
| Μορφή: | Βιβλίο |
| Γλώσσα: | English |
| Δημοσίευση: |
New York :
Columbia University Press,
1997
|
| Θέματα: | |
| Ετικέτες: |
Προσθήκη ετικέτας
Δεν υπάρχουν, Καταχωρήστε ετικέτα πρώτοι!
|
MARC
| LEADER | 00000nam a2200000 i 4500 | ||
|---|---|---|---|
| 001 | 1/94621 | ||
| 008 | 080926s1997 eng d | ||
| 020 | |a 0-231-10694-7 | ||
| 035 | |l 10100482 | ||
| 040 | |a GR-MY-UA |b gre |e aacr | ||
| 041 | 0 | |a eng | |
| 082 | 0 | |a 320.540974927 |2 (22) | |
| 245 | 1 | 0 | |a Rethinking nationalism in the Arab Middle East / |c edited by James P. Jankowski, I. Gershoni |
| 260 | |a New York : |b Columbia University Press, |c 1997 | ||
| 300 | |a xxvi, 372 σ.; |c 24 εκ. | ||
| 504 | |a Ευρετήριο: σ. 365-372 | ||
| 650 | 0 | 0 | |a Nationalism |z Arab countries. |
| 651 | 0 | |a Arab countries |x Politics and government. | |
| 700 | 1 | |a Jankowski, James P. |d 1937- |4 edt | |
| 700 | 1 | |a Gershoni, I. |4 edt | |
| 852 | |a INST |b LESVOS |e 20080926 |h 320.540974927 RET |p 005100042926 |q 005100042926 |t BK |y 0 | ||
| 901 | |a BIBL1-2008-3 | ||
| 909 | |a Λ |b 151534 | ||
| 922 | |a 1ΕΛΗ |b 200803 |c ΕΠΕΑΕΚ2/ΤΚΑ |d ΠΑΠΑΣΩΤΗΡΙΟΥ | ||
| 970 | |a ΧΑΤΖΗΜΙΧΑΗΛ |b ΜΑΡΙΑ |z 2008/09/26 | ||